A primer of real functions / (Record no. 6819)
[ view plain ]
| 000 -LEADER | |
|---|---|
| fixed length control field | 00748nam a2200241 a 4500 |
| 001 - CONTROL NUMBER | |
| control field | 6819 |
| 003 - CONTROL NUMBER IDENTIFIER | |
| rucl marc code | BD-RjUL |
| 005 - DATE AND TIME OF LATEST TRANSACTION | |
| control field | 20211208234323.0 |
| 008 - FIXED-LENGTH DATA ELEMENTS--GENERAL INFORMATION | |
| fixed length control field | 140112r19611960xx a 001 0 eng |
| 035 ## - SYSTEM CONTROL NUMBER | |
| System control number | (BD-RjUL)6861 |
| 040 ## - CATALOGING SOURCE | |
| Original cataloging agency | DLC |
| Transcribing agency | DLC |
| Modifying agency | BD-RjUL |
| Language of cataloging | eng |
| 041 ## - LANGUAGE CODE | |
| Language code of text/sound track or separate title | eng |
| 082 00 - DEWEY DECIMAL CLASSIFICATION NUMBER | |
| Classification number | 515.8 |
| Author mark and year | BOP 1961 |
| Edition number | 23 |
| 100 1# - MAIN ENTRY--PERSONAL NAME | |
| Personal name | Boas, Ralph P. |
| Fuller form of name | (Ralph Philip), |
| Dates associated with a name | 1912-1992. |
| 9 (RLIN) | 21422 |
| 245 12 - TITLE STATEMENT | |
| Title | A primer of real functions / |
| Statement of responsibility, etc. | Ralph P. Boas |
| 260 ## - PUBLICATION, DISTRIBUTION, ETC. (IMPRINT) | |
| Place of publication, distribution, etc. | [n.p.] |
| Name of publisher, distributor, etc. | Mathematical Association of America, |
| Date of publication, distribution, etc. | c1960 [impration 1961, 1966]. |
| 300 ## - PHYSICAL DESCRIPTION | |
| Pagination | 189 p. : |
| Illustrations | ill., |
| Size | 19 cm. |
| 490 0# - SERIES STATEMENT | |
| Series statement | The Carus mathematical monographs, no. 13 |
| 500 ## - GENERAL NOTE | |
| General note | Include index. |
| 650 #0 - SUBJECT ADDED ENTRY--TOPICAL TERM | |
| Topical term or geographic name as entry element | Functions of real variables. |
| 9 (RLIN) | 20677 |
| 942 ## - ADDED ENTRY ELEMENTS (KOHA) | |
| Source of classification or shelving scheme | Dewey Decimal Classification |
| Koha item type | Books |
| Lost status | Source of classification or shelving scheme | Damaged status | Not for loan | Collection code | Permanent Location | Current Location | Shelving location | Date acquired | Source of acquisition | Cost, normal purchase price | Total Checkouts | Full call number | Date last seen | Copy number | Koha item type |
|---|---|---|---|---|---|---|---|---|---|---|---|---|---|---|---|
| Dewey Decimal Classification | Non-fiction | Central Library, University of Rajshahi | Central Library, University of Rajshahi | 12/11/2063 | Zeitlinger | 32.00 | 515.8 BOP 1961 | 12/01/2014 | C-2 | Books | |||||
| Dewey Decimal Classification | Non-fiction | Central Library, University of Rajshahi | Central Library, University of Rajshahi | 20/12/1967 | National book agency, Dacca | 27.00 | 515.8 BOP 1966 | 30/08/2016 | C-3 | Books |